000 01519nam a2200313 i 4500
003 DO-SdBNP
005 20250812110600.0
007 ta
008 250812b2025 dr |||| |||| 00| 0 spa d
020 _a9789945629538
040 _aDO-SdBNP
_bspa
_cBNPHU
_erda
041 _aspa
082 _axxx
_bT646
_222
100 1 _aToirac, Luis,
_d1966-
_eautor
_4aut.
_930255
245 1 _aGárgolas, quimeras y otros seres de piedra /
_cLuis Toirac
250 _aPrimera edición
264 1 _aSanto Domingo :
_bBanco Central,
_c2025.
300 _a174 Páginas :
_c23 cm.
336 _atexto
_btxt
_2rdacontent
337 _asin mediación
_bn
_2rdamedia
338 _avolumen
_bnc
_2rdacarrier
490 1 _aBanco Central de la República Dominicana
_v324
490 1 _aArte y Literatura
_v123
500 _aIncluye datos biografícos del autor en la solapa de la cubierta.
520 _aEste libro de Luis Toirac titulado Gárgolas, quimeras y otros seres de piedra, escapa a lo convencional y al este reotipo, desdeñando la actualidad como materia narrativa. Se trata de un conjunto en el que la palabra juega un papel primordial; y la historia de pueblos, ciudades, héroes y dioses de la antigüedad se cuenta en textos breves, casi sin personajes ni acción, donde se enseñorean la piedra y el mito, mediante figuras fantasmagóricas, mudos testigos del tiempo en monumentos, templos y casas señoriales de un pasado remoto.
590 _aInventariado, 2025/ YL
910 _aYlockward
942 _2ddc
_cLBS1
999 _c59764
_d59764